000 01300cam a22003374a 4500
001 13940835
003 OSt
005 20170227104240.0
008 050425s2006 caua b 001 0 eng
010 _a 2005926411
020 _a0534553389 (student ed.)
020 _a0495002569 (CD)
040 _aDLC
_cDLC
_dDLC
042 _apcc
043 _an-us---
050 0 0 _aLB1050.455
_b.R53 2006
082 0 0 _a428/.40712
_222
100 1 _aRichardson, Judy S.,
_d1945-
245 1 0 _aReading to learn in the content areas /
_cJudy S. Richardson, Raymond F. Morgan, Charlene E. Fleener.
250 _a6th ed.
260 _aBelmont, CA :
_bThomson/Wadsworth,
_cc2006.
300 _axxi, 501 p. :
_bill. ;
_c24 cm. +
_e1 CD-ROM (4 3/4 in.)
504 _aIncludes bibliographical references (p. 453-485) and indexes.
538 _aSystem requirements for accompanying CD-ROM: PC: Windows 98, ME, 2000, XP (not NT); Pentium II 233 MHz; 32 MB RAM (64 MB recommended); Mac: Mac OS 8.6 or later; PowerPC processor or later; 64 MB RAM.
650 0 _aContent area reading
_zUnited States.
700 1 _aMorgan, Raymond F.
700 1 _aFleener, Charlene E.
906 _a7
_bcbc
_corignew
_d2
_eepcn
_f20
_gy-gencatlg
942 _2lcc
_cBK
999 _c255753
_d255752